[Event "Mecklenburg VP LL2 Ost 1718"]
[Site "Mecklenburg VP"]
[Date "2018.04.08"]
[Round "8.6"]
[White "Lange, Ingo"]
[Black "Koesterke, Klaus"]
[Result "1-0"]
[WhiteElo "1726"]
[BlackElo "1488"]
[PlyCount "115"]
[EventDate "2017.10.08"]
[EventType "team-tourn"]
[EventRounds "9"]
[EventCountry "GER"]
[SourceTitle "EXT 2022"]
[Source "ChessBase"]
[SourceDate "2021.10.06"]
[SourceVersion "1"]
[SourceVersionDate "2021.10.06"]
[SourceQuality "1"]
[WhiteTeam "Neubrandenburg SG Eintracht II"]
[BlackTeam "Binz Therme Ruegen"]
[WhiteTeamCountry "GER"]
[BlackTeamCountry "GER"]

1. d4 e6 2. Nf3 d5 3. Bf4 Nc6 4. e3 a6 5. c3 g6 6. Bd3 Bg7 7. Nbd2 Bd7 8. Qc2 Nge7 9. h4 b5 10. a3 Qc8 11. b4 Qb7 12. Nb3 Qc8 13. Nc5 h6 14. a4 Na7 15. axb5 Bxb5 16. Ne5 Bxd3 17. Qxd3 Nac6 18. Nxc6 Nxc6 19. Ke2 0-0 20. Ra3 e5 21. dxe5 Qg4+ 22. Kf1 Nxe5 23. Bxe5 Bxe5 24. Qe2 Qxe2+ 25. Kxe2 a5 26. Rha1 Bd6 27. Rxa5 Rxa5 28. Rxa5 Re8 29. Nd7 Kg7 30. Rxd5 Re7 31. Nc5 Be5 32. Kd3 c6 33. Rd7 Re8 34. g3 Ra8 35. f4 Bf6 36. Rd6 Ra3 37. Ne4 Be7 38. Rxc6 Bxb4 39. Kd4 Bf8 40. c4 Ra7 41. Nd6 Rd7 42. c5 Be7 43. e4 g5 44. hxg5 hxg5 45. Ke5 gxf4 46. gxf4 Bf6+ 47. Kf5 Bd8 48. Ne8+ Kf8 49. Nf6 Rc7 50. Rxc7 Bxc7 51. Nd5 Bd8 52. c6 Ke8 53. c7 Bxc7 54. Nxc7+ Ke7 55. e5 Kd7 56. Kf6 Kxc7 57. Kxf7 Kd7 58. e6+ 1-0

[Event "Mecklenburg VP LL2 Ost 1617"]
[Site "Mecklenburg VP"]
[Date "2017.01.15"]
[Round "5.3"]
[White "Wegner, Michael"]
[Black "Lange, Ingo"]
[Result "0-1"]
[WhiteElo "1604"]
[BlackElo "1729"]
[PlyCount "90"]
[EventDate "2016.10.16"]
[EventType "team-tourn"]
[EventRounds "9"]
[EventCountry "GER"]
[SourceTitle "EXT 2022"]
[Source "ChessBase"]
[SourceDate "2021.10.06"]
[SourceVersion "1"]
[SourceVersionDate "2021.10.06"]
[SourceQuality "1"]
[WhiteTeam "Rostock SSC 07 III"]
[BlackTeam "Neubrandenburg SG Eintracht II"]
[WhiteTeamCountry "GER"]
[BlackTeamCountry "GER"]

1. e4 c6 2. Nc3 d5 3. d4 dxe4 4. Nxe4 Bf5 5. Ng3 Bg6 6. Nf3 Nd7 7. Bd3 Bxd3 8. Qxd3 Ngf6 9. 0-0 e6 10. b3 Be7 11. Bb2 0-0 12. Rfe1 Rc8 13. Qe2 Nd5 14. Ne4 N7f6 15. Nxf6+ Bxf6 16. c4 Nf4 17. Qe4 Qc7 18. Rad1 Rfd8 19. Bc1 Ng6 20. h4 Qa5 21. Re2 Ne7 22. g4 g6 23. Bg5 Bxg5 24. Nxg5 Rc7 25. Qf4 Nc8 26. Qf6 Re7 27. h5 h6 28. Re5 Qxe5 29. Qxe5 hxg5 30. h6 f5 31. Qf6 Kh7 32. Qxg5 Rf8 33. f3 Ref7 34. Re1 Rf6 35. Re2 R8f7 36. Kg2 Nd6 37. d5 cxd5 38. cxd5 fxg4 39. fxg4 Rf2+ 40. Rxf2 Rxf2+ 41. Kg1 Ne4 42. Qe7+ Kxh6 43. Qxe6 Rf4 44. d6 Nc5 45. d7 Nxe6 0-1

[Event "Mecklenburg VP LL2 Ost 1516"]
[Site "Mecklenburg VP"]
[Date "2016.04.10"]
[Round "8.7"]
[White "Lange, Ingo"]
[Black "Mueller, Nick"]
[Result "0-1"]
[WhiteElo "1720"]
[BlackElo "2210"]
[PlyCount "53"]
[EventDate "2015.09.20"]
[EventType "team-tourn"]
[EventRounds "9"]
[EventCountry "GER"]
[SourceTitle "EXT 2022"]
[Source "ChessBase"]
[SourceDate "2021.10.06"]
[SourceVersion "1"]
[SourceVersionDate "2021.10.06"]
[SourceQuality "1"]
[WhiteTeam "Neubrandenburg SG Eintracht II"]
[BlackTeam "Greifswald II"]
[WhiteTeamCountry "GER"]
[BlackTeamCountry "GER"]

1. d4 Nf6 2. Nf3 g6 3. c4 Bg7 4. Nc3 d5 5. Qb3 dxc4 6. Qxc4 0-0 7. e4 Nc6 8. d5 Na5 9. Qa4 c6 10. dxc6 Nxc6 11. Bf4 Bg4 12. Rd1 Qb6 13. Qb3 Qxb3 14. axb3 Nd7 15. Bb5 Nc5 16. 0-0 Nxb3 17. Nd5 Bxf3 18. gxf3 Nbd4 19. Bxc6 Nxc6 20. Rd2 e6 21. Nc7 Rad8 22. Bd6 Rd7 23. Rfd1 Rfd8 24. Nb5 a6 25. Na3 Nd4 26. Rxd4 Bxd4 27. Nc4 0-1

[Event "Mecklenburg VP LL2 Ost 1516"]
[Site "Mecklenburg VP"]
[Date "2016.03.13"]
[Round "7.8"]
[White "Droese, Nico"]
[Black "Lange, Ingo"]
[Result "0-1"]
[WhiteElo "1291"]
[BlackElo "1720"]
[PlyCount "103"]
[EventDate "2015.09.20"]
[EventType "team-tourn"]
[EventRounds "9"]
[EventCountry "GER"]
[SourceTitle "EXT 2022"]
[Source "ChessBase"]
[SourceDate "2021.10.06"]
[SourceVersion "1"]
[SourceVersionDate "2021.10.06"]
[SourceQuality "1"]
[WhiteTeam "Gryps SV"]
[BlackTeam "Neubrandenburg SG Eintracht III"]
[WhiteTeamCountry "GER"]
[BlackTeamCountry "GER"]

1. d4 Nf6 2. Nf3 d5 3. e3 Bf5 4. Bd3 Bxd3 5. Qxd3 c6 6. Nbd2 e6 7. 0-0 Nbd7 8. Re1 Be7 9. e4 dxe4 10. Nxe4 0-0 11. Bg5 Nxe4 12. Bxe7 Qxe7 13. Rxe4 Rfd8 14. Rh4 g6 15. Qe3 Qf6 16. Ng5 Nf8 17. c3 Rd5 18. Nf3 Rf5 19. Re4 Rd8 20. Ne5 Qg5 21. Re1 Qxe3 22. R1xe3 Nd7 23. Ng4 Kg7 24. f4 h5 25. Ne5 Nf6 26. Nxf7 Kxf7 27. Rxe6 Rd7 28. g3 Nd5 29. Re2 Re7 30. R6e5 Rexe5 31. fxe5 Ke6 32. a3 b5 33. Rf2 Ne3 34. Rxf5 Kxf5 35. b3 a6 36. h3 g5 37. a4 Nd5 38. axb5 axb5 39. c4 bxc4 40. bxc4 Ne3 41. Kf2 Nxc4 42. Kf3 Nxe5+ 43. dxe5 Kxe5 44. Ke3 c5 45. Kd3 Kd5 46. g4 h4 47. Kc3 c4 48. Kd2 Kd4 49. Kc2 c3 50. Kd1 Kd3 51. Kc1 c2 52. Kb2 0-1

[Event "Mecklenburg VP LL2 Ost 1516"]
[Site "Mecklenburg VP"]
[Date "2015.12.13"]
[Round "4.8"]
[White "Lange, Ingo"]
[Black "Hessler, Tom"]
[Result "1-0"]
[WhiteElo "1720"]
[BlackElo "1274"]
[PlyCount "138"]
[EventDate "2015.09.20"]
[EventType "team-tourn"]
[EventRounds "9"]
[EventCountry "GER"]
[SourceTitle "EXT 2022"]
[Source "ChessBase"]
[SourceDate "2021.10.06"]
[SourceVersion "1"]
[SourceVersionDate "2021.10.06"]
[SourceQuality "1"]
[WhiteTeam "Neubrandenburg SG Eintracht III"]
[BlackTeam "Bergen Rugia"]
[WhiteTeamCountry "GER"]
[BlackTeamCountry "GER"]

1. d4 Nf6 2. Nf3 e6 3. Bf4 d5 4. e3 c5 5. c3 Nc6 6. Bd3 c4 7. Bc2 Nh5 8. Bg5 Be7 9. Bxe7 Qxe7 10. Nbd2 Nf6 11. 0-0 b5 12. a4 b4 13. Ne5 Nxe5 14. dxe5 Nd7 15. Nf3 a5 16. e4 Bb7 17. exd5 Bxd5 18. Re1 Rb8 19. Nd4 Qg5 20. Be4 Qxe5 21. Nc6 Bxc6 22. Bxc6 Qc7 23. Bb5 Ke7 24. Qg4 g6 25. Rad1 Rhd8 26. Bxd7 Rxd7 27. Qh4+ Ke8 28. Qxh7 Rbd8 29. Qh8+ Ke7 30. Qh4+ Ke8 31. Rxd7 Qxd7 32. cxb4 Qd1 33. Qh8+ Ke7 34. Qe5 axb4 35. Qc5+ Ke8 36. Qxb4 Qd2 37. Qxd2 Rxd2 38. Rb1 Kd7 39. Kf1 Kc6 40. Rc1 Rxb2 41. Rxc4+ Kd6 42. g3 f5 43. Rc8 g5 44. h3 Rb4 45. Ra8 Ke5 46. a5 Ra4 47. a6 Ke4 48. Kg2 Ra2 49. a7 Ke5 50. h4 gxh4 51. gxh4 Ra4 52. Kg3 Rg4+ 53. Kh3 Rg7 54. h5 Kf4 55. Re8 Rxa7 56. Rxe6 Kg5 57. h6 Rh7 58. Kg3 Rxh6 59. Rxh6 Kxh6 60. Kf4 Kg6 61. Ke5 Kg5 62. f3 f4 63. Ke4 Kg6 64. Kxf4 Kf6 65. Ke4 Ke6 66. f4 Kf6 67. f5 Ke7 68. Ke5 Kf7 69. f6 Ke8 1-0